Спектроскопия: методы и применение; Влияние примеси свинца на концентрацию F-центров в щелочногалоидных кристаллофосфорах; К вопросу о распределении примеси меди в некоторых щелочногалоидных кристаллах; Кинетика образования F-центров в щелочногалоидных кристаллах в зависимости от их химического состава
| Outros autores: | |
|---|---|
| Idioma: | ruso |
| Publicado: |
Москва, Наука, 1964
|
| TOC: | М. И. Игнатьева, И. Я. Мелик-Гайказян, Л. В. Григорук, Влияние примеси свинца на концентрацию F-центров в щелочногалоидных кристаллофосфорах; И. Я. Мелик-Гайказян, Л. И. Рощина, К вопросу о распределении примеси меди в некоторых щелочногалоидных кристаллах; С. К. Сало, Кинетика образования F-центров в щелочногалоидных кристаллах в зависимости от их химического состава; |
| Subjects: | |
| Formato: | Libro |
| KOHA link: | https://koha.lib.tpu.ru/cgi-bin/koha/opac-detail.pl?biblionumber=106112 |
MARC
| LEADER | 00000nam0a2200000 4500 | ||
|---|---|---|---|
| 001 | 106112 | ||
| 005 | 20231101214642.0 | ||
| 035 | |a (RuTPU)RU\TPU\book\114509 | ||
| 090 | |a 106112 | ||
| 100 | |a 20061130d1964 k y0rusy50 ca | ||
| 101 | 0 | |a rus | |
| 102 | |a RU | ||
| 105 | |a a z 001zy | ||
| 200 | 1 | |a Спектроскопия |e методы и применение |f под ред. Г. Е. Золотухина | |
| 210 | |a Москва |c Наука |d 1964 | ||
| 215 | |a 213 с. |c ил. | ||
| 320 | |a Библиогр. в конце ст. | ||
| 464 | |t Влияние примеси свинца на концентрацию F-центров в щелочногалоидных кристаллофосфорах |f М. И. Игнатьева, И. Я. Мелик-Гайказян, Л. В. Григорук | ||
| 464 | |t К вопросу о распределении примеси меди в некоторых щелочногалоидных кристаллах |f И. Я. Мелик-Гайказян, Л. И. Рощина | ||
| 464 | |t Кинетика образования F-центров в щелочногалоидных кристаллах в зависимости от их химического состава |f С. К. Сало | ||
| 606 | 1 | |a Спектральный анализ |2 stltpush |3 (RuTPU)RU\TPU\subj\67783 |9 83449 | |
| 610 | 1 | |a методы | |
| 610 | 1 | |a применение | |
| 610 | 1 | |a сборники | |
| 610 | 1 | |a физические процессы | |
| 610 | 1 | |a практическое применение | |
| 610 | 1 | |a вещество | |
| 610 | 1 | |a молекулы | |
| 610 | 1 | |a труды учёных ТПУ | |
| 610 | 1 | |a строение | |
| 675 | |a 535.33 |v 3 | ||
| 675 | |a 543.42 |v 3 | ||
| 702 | 1 | |a Золотухин |b Г. Е. |g Георгий Еремеевич |4 340 | |
| 801 | 1 | |a RU |b 63413507 |c 20061130 |g PSBO | |
| 801 | 2 | |a RU |b 63413507 |c 20150922 |g PSBO | |
| 942 | |c BK | ||